Revitalizácia Jurigovho námestia a jeho okolia

Guardado en:
Detalles Bibliográficos
Autor principal: Gatial, Samuel (Autor)
Otros Autores: Zaťovičová, Miriam (Orientador)
Formato: Manuscrito Libro
Lenguaje:eslovaco
Publicado: 2025
Materias:
Acceso en línea:http://is.stuba.sk/zp/portal_zp.pl?podrobnosti=168432
CRZP
Etiquetas: Agregar Etiqueta
Sin Etiquetas, Sea el primero en etiquetar este registro!

MARC

LEADER 00000ntm a22000003a 4500
001 stuzp106068
003 SK-STU
005 20250722153857.3
007 ta
008 150427s2015----xo-----f-mn---000-0-slo-d
040 |a STU  |b slo 
041 0 |a slo 
100 1 |a Gatial, Samuel  |u 010160  |4 aut  |U SvF Stavebná fakulta  |T SvF Katedra vodného hospodárstva krajiny  |X 115752  |U V160  |Y 16  |7 115752 
242 0 1 |a The revitalisation of Jurigovo square and its surrounding area  |y eng 
245 1 0 |a Revitalizácia Jurigovho námestia a jeho okolia 
260 |c 2025 
650 4 |a revitalizácia  |2 slo 
650 4 |a mestská biodiverzita  |2 slo 
650 4 |a mestská zeleň  |2 slo 
650 4 |a komunitný priestor  |2 slo 
650 4 |a revitalization  |2 eng 
650 4 |a community space  |2 eng 
650 4 |a urban biodiversity  |2 eng 
650 4 |a urban greenery  |2 eng 
700 1 |a Zaťovičová, Miriam  |u 010160  |k Z3  |4 ths  |U SvF Stavebná fakulta  |T SvF Katedra vodného hospodárstva krajiny  |X 82407  |U V160  |Y 16  |7 82407 
856 4 |u http://is.stuba.sk/zp/portal_zp.pl?podrobnosti=168432 
856 4 |u https://opac.crzp.sk/?fn=detailBiblioForm&sid=C9A1C75A261DD259FD83411E26A3  |z CRZP